Tribunais de contas do Rio Grande do Sul a Portugal : (Record no. 1050)

MARC details
000 -LÍDER
Campo Fixo de Controle 00955nam a2200289 a 4500
001 - NÚMERO DE CONTROLE
Campo de Controle 1050
003 - IDENTIFICAÇÃO DO NÚMERO DE CONTROLE
Campo de Controle BR-CuiBMT
005 - DATA E HORA DA ÚLTIMA ATUALIZAÇÃO
Campo de Controle 20231127220446.0
008 - DADOS FIXOS
Dados Fixos 231127s2017 rsb 000 0 por d
020 ## - INTERNATIONAL STANDARD BOOK NUMBER
Nº do ISBN 9788575784655
040 ## - AGÊNCIA CATALOGADORA
Código da Agência Catalogadora BR-CuiBMT
Agência que transcreveu o registro BR-CuiBMT
080 ## - Nº DA CLASSIFICAÇÃO DECIMAL UNIVERSAL
Nº edição CDU 2007
Nº Class. CDU 351.94:336.148
090 ## - NÚMERO DE CHAMADA
Nº classificação 351.94:336.148
Cutter F311t
Ano/Edição 1. ed.
100 1# - ENTRADA PRINCIPAL -- AUTOR PESSOAL
Nome pessoal Feiten, Pedro Reinaldo
245 ## - TÍTULO PRINCIPAL
Título principal Tribunais de contas do Rio Grande do Sul a Portugal :
Subtítulo e a sua relação com a autonomia dos municípios /
Indicação de responsabilidade Pedro Reinaldo Feiten.
250 ## - EDIÇÃO
Edição 1. ed.
260 ## - PUBLICAÇÃO, DISTRIBUIÇÃO, ETC.
Local de publicação Santa Cruz do Sul, RS :
Editora Edunisc,
Data 2017.
300 ## - DESCRIÇÃO FÍSICA
N. páginas ou volumes 134 p.:
Dimensões 21 cm
504 ## - NOTA DE BIBLIOGRAFIA, ETC.
Nota de bibliografia Inclui bibliografia.
610 14 - ASSUNTO -- ENTIDADE
Nome da Entidade ou lugar Rio Grande do Sul
Unidade subordinada Tribunal de Contas
610 1# - ASSUNTO -- ENTIDADE
Nome da Entidade ou lugar Portugal
Unidade subordinada Tribunal de Contas
650 ## - ASSUNTO TÓPICO
Cabeçalho tópico ou nome geográfico Tribunal de Contas
650 ## - ASSUNTO TÓPICO
Cabeçalho tópico ou nome geográfico Finanças públicas
Subdivisão geográfica Rio Grande do Sul
650 ## - ASSUNTO TÓPICO
Cabeçalho tópico ou nome geográfico Administração municipal
650 ## - ASSUNTO TÓPICO
Cabeçalho tópico ou nome geográfico Administração pública
942 ## - ELEMENTOS DE ENTRADA ADICIONAIS (KOHA)
Fonte de classificação ou esquema de arquivamento Classificação Decimal Universal
Tipo de item do Koha Livros
Holdings
Estado: removido Estado: perdido Fonte de classificação ou esquema de arquivamento Estado: danificado Indisponível para empréstimo Localização permanente Localização atual Data de aquisição Total Checkouts Número de Chamada completo Código de barras Date last seen Número do exemplar Preço efetivo a partir de Tipo de item (Koha)
    Classificação Decimal Universal     Biblioteca da Escola Superior de Contas do TCE/MT Biblioteca da Escola Superior de Contas do TCE/MT 27/11/2023   351.94:336.148 F311t BIBTCEMT23111174 27/11/2023 Ex. 1 27/11/2023 Livros

Powered by Koha